000
00322nam a22001337a 4500
008
170526b xxu||||| |||| 00| 0 eng d
020
_a
9780321197702
041
_a
eng
080
_2
3RD
_a
621.3
100
_a
25
101
_a
IM
245
_a
THE RATIONAL UNIFIED PROCESS AND INTRODUCTION
_c
KRUCHTEN,PH
942
_2
udc
_c
BK
999
_c
14355
_d
14355